<?xml version="1.0" encoding="UTF-8"?>
<record
    xmlns:xsi="http://www.w3.org/2001/XMLSchema-instance"
    xsi:schemaLocation="http://www.loc.gov/MARC21/slim http://www.loc.gov/standards/marcxml/schema/MARC21slim.xsd"
    xmlns="http://www.loc.gov/MARC21/slim">

  <leader>01726nam a2200241Ia 4500</leader>
  <controlfield tag="003">OSt</controlfield>
  <controlfield tag="005">20210108113213.0</controlfield>
  <controlfield tag="008">191128s2007    ck ao  gr     000 0 spa d</controlfield>
  <datafield tag="020" ind1=" " ind2=" ">
    <subfield code="a">8423424766</subfield>
  </datafield>
  <datafield tag="040" ind1=" " ind2=" ">
    <subfield code="a">CO-JMCR</subfield>
    <subfield code="c">CO-JMCR</subfield>
  </datafield>
  <datafield tag="041" ind1="0" ind2=" ">
    <subfield code="a">spa</subfield>
  </datafield>
  <datafield tag="082" ind1="0" ind2="4">
    <subfield code="a">658.827 /</subfield>
    <subfield code="b">S592e</subfield>
    <subfield code="2">23</subfield>
  </datafield>
  <datafield tag="100" ind1="1" ind2=" ">
    <subfield code="a">Simmons, John, </subfield>
    <subfield code="e">autor</subfield>
    <subfield code="9">12793</subfield>
  </datafield>
  <datafield tag="245" ind1="1" ind2="3">
    <subfield code="a">El estilo Starbucks : </subfield>
    <subfield code="b">c&#xF3;mo crear un hogar fuera de hogar / </subfield>
    <subfield code="c">John Simmons </subfield>
  </datafield>
  <datafield tag="260" ind1=" " ind2=" ">
    <subfield code="a">Barcelona : </subfield>
    <subfield code="b">Ediciones Deusto, </subfield>
    <subfield code="c">2007</subfield>
  </datafield>
  <datafield tag="300" ind1=" " ind2=" ">
    <subfield code="a">186 p&#xE1;ginas : </subfield>
    <subfield code="b">ilustraciones y fotograf&#xED;as a blanco y negro ; </subfield>
    <subfield code="c">23 cm.</subfield>
  </datafield>
  <datafield tag="505" ind1="0" ind2=" ">
    <subfield code="a">Todo empez&#xF3; con un grano de caf&#xE9; -- El inicio del viaje -- Ampliar el horizonte -- Amigos y vecinos -- En direcci&#xF3;n a otro lugar -- Aqu&#xED;, all&#xE1; y acull&#xE1; -- Hacerlo bien y hacer el bien</subfield>
  </datafield>
  <datafield tag="520" ind1="3" ind2=" ">
    <subfield code="a">El caf&#xE9; es un bien de consumo. Podemos tomar una taza de caf&#xE9; en cualquier cafeter&#xED;a, bar o restaurante. Por ello es tan espectacular el modo en que Starbucks consigui&#xF3; reinventar el caf&#xE9; y hacer de &#xE9;l toda una experiencia nueva. Este libro cuenta la historia desde los or&#xED;genes en un mercado de pescado de Seattle hasta su presencia actual en todo el mundo, nos revela los secretos que se esconden tras su &#xE9;xito, da las claves del "fen&#xF3;meno Starbucks", que ha pasado en 15 a&#xF1;os de ser una marca desconocida a colocarse entre las 50 marcas mundiales m&#xE1;s valiosas, cuyo impacto es tan grande que se ha convertido en una marca que simboliza la edad moderna, construida a partir de la creaci&#xF3;n de una experiencia que puede reproducirse de forma uniforme en todo el mundo.</subfield>
  </datafield>
  <datafield tag="650" ind1="1" ind2="4">
    <subfield code="a">Grandes casos empresariales</subfield>
    <subfield code="9">12794</subfield>
  </datafield>
  <datafield tag="650" ind1="1" ind2="4">
    <subfield code="a">&#xC9;xito en los negocios</subfield>
    <subfield code="9">605</subfield>
  </datafield>
  <datafield tag="650" ind1="2" ind2="4">
    <subfield code="a">Administraci&#xF3;n de empresas</subfield>
    <subfield code="9">12795</subfield>
  </datafield>
  <datafield tag="942" ind1=" " ind2=" ">
    <subfield code="2">ddc</subfield>
    <subfield code="c">BK</subfield>
  </datafield>
  <datafield tag="999" ind1=" " ind2=" ">
    <subfield code="c">4616</subfield>
    <subfield code="d">4616</subfield>
  </datafield>
  <datafield tag="952" ind1=" " ind2=" ">
    <subfield code="0">0</subfield>
    <subfield code="1">0</subfield>
    <subfield code="2">ddc</subfield>
    <subfield code="4">0</subfield>
    <subfield code="7">0</subfield>
    <subfield code="8">NFIC</subfield>
    <subfield code="a">CPL</subfield>
    <subfield code="b">CPL</subfield>
    <subfield code="d">2018-04-15</subfield>
    <subfield code="e">Donaci&#xF3;n</subfield>
    <subfield code="l">3</subfield>
    <subfield code="m">2</subfield>
    <subfield code="o">658.827 / S592e </subfield>
    <subfield code="p">201809555</subfield>
    <subfield code="r">2025-04-07 11:14:25</subfield>
    <subfield code="s">2025-03-03</subfield>
    <subfield code="t">Ej.1</subfield>
    <subfield code="y">BK</subfield>
  </datafield>
</record>
